<?xml version="1.0" encoding="UTF-8"?><?xml-stylesheet type="text/xsl" href="static/style.xsl"?><OAI-PMH xmlns="http://www.openarchives.org/OAI/2.0/" xmlns:xsi="http://www.w3.org/2001/XMLSchema-instance" xsi:schemaLocation="http://www.openarchives.org/OAI/2.0/ http://www.openarchives.org/OAI/2.0/OAI-PMH.xsd"><responseDate>2026-07-01T23:34:59Z</responseDate><request verb="GetRecord" identifier="oai:riubu.ubu.es:10259/7538" metadataPrefix="marc">https://riubu.ubu.es/oai/request</request><GetRecord><record><header><identifier>oai:riubu.ubu.es:10259/7538</identifier><datestamp>2023-04-18T11:15:39Z</datestamp><setSpec>com_10259_4363</setSpec><setSpec>com_10259_5086</setSpec><setSpec>com_10259_2604</setSpec><setSpec>com_10259_3596</setSpec><setSpec>col_10259_4364</setSpec><setSpec>col_10259_3597</setSpec></header><metadata><record xmlns="http://www.loc.gov/MARC21/slim" xmlns:doc="http://www.lyncode.com/xoai" xmlns:xsi="http://www.w3.org/2001/XMLSchema-instance" xmlns:dcterms="http://purl.org/dc/terms/" xsi:schemaLocation="http://www.loc.gov/MARC21/slim http://www.loc.gov/standards/marcxml/schema/MARC21slim.xsd">
<leader>00925njm 22002777a 4500</leader>
<datafield tag="042" ind1=" " ind2=" ">
<subfield code="a">dc</subfield>
</datafield>
<datafield tag="720" ind1=" " ind2=" ">
<subfield code="a">Jiménez Pérez, Alondra</subfield>
<subfield code="e">author</subfield>
</datafield>
<datafield tag="720" ind1=" " ind2=" ">
<subfield code="a">Marcos-Gómez, Sara</subfield>
<subfield code="e">author</subfield>
</datafield>
<datafield tag="720" ind1=" " ind2=" ">
<subfield code="a">Madariaga, Gotzon</subfield>
<subfield code="e">author</subfield>
</datafield>
<datafield tag="720" ind1=" " ind2=" ">
<subfield code="a">Zapico, Manuel</subfield>
<subfield code="e">author</subfield>
</datafield>
<datafield tag="720" ind1=" " ind2=" ">
<subfield code="a">Vitoria, Pablo</subfield>
<subfield code="e">author</subfield>
</datafield>
<datafield tag="720" ind1=" " ind2=" ">
<subfield code="a">Tercero, Javier</subfield>
<subfield code="e">author</subfield>
</datafield>
<datafield tag="720" ind1=" " ind2=" ">
<subfield code="a">Torres, M. Begoña</subfield>
<subfield code="e">author</subfield>
</datafield>
<datafield tag="720" ind1=" " ind2=" ">
<subfield code="a">Lezama, Luis</subfield>
<subfield code="e">author</subfield>
</datafield>
<datafield tag="720" ind1=" " ind2=" ">
<subfield code="a">Cuevas Vicario, José Vicente</subfield>
<subfield code="e">author</subfield>
</datafield>
<datafield tag="720" ind1=" " ind2=" ">
<subfield code="a">Etxebarria, Íñigo</subfield>
<subfield code="e">author</subfield>
</datafield>
<datafield tag="720" ind1=" " ind2=" ">
<subfield code="a">García Tojal, Javier</subfield>
<subfield code="e">author</subfield>
</datafield>
<datafield tag="260" ind1=" " ind2=" ">
<subfield code="c">2023-01</subfield>
</datafield>
<datafield tag="520" ind1=" " ind2=" ">
<subfield code="a">Experimental magnetic studies performed on the [{CuLX}2&#xd;
] system (HL = pyridine-2-&#xd;
carbaldehyde thiosemicarbazone, X = Cl−, Br−, I−) point to the larger electronegativity in X, the lower&#xd;
magnitude of the antiferromagnetic interactions. In order to confirm this and other trends observed&#xd;
and to dip into them, computational studies on the [{CuLX}2&#xd;
] (X = Cl− (1), I− (2)) compounds are here&#xd;
reported. The chemical and structural comparisons have been extended to the compounds obtained in&#xd;
acid medium. In this regard, chlorido ligands yield the [Cu(HL)Cl2&#xd;
]·H2O (3) complex, whose crystal&#xd;
structure shows that thiosemicarbazone links as a tridentate chelate ligand to square pyramidal Cu(II)&#xd;
ions. On the other hand, iodido ligands provoke the formation of the [{Cu(H2L)I2&#xd;
}2&#xd;
] (4) derivative,&#xd;
which contains pyridine-protonated cationic H2L&#xd;
+ as a S-donor monodentate ligand bonded to&#xd;
Cu(I) ions. Crystallographic, infrared and electron paramagnetic resonance spectroscopic results are&#xd;
discussed. Computational calculations predict a greater stability for the chlorido species, containing&#xd;
both the neutral (HL) and anionic (L−) ligand. The theoretical magnetic studies considering isolated&#xd;
dimeric entities reproduce the sign and magnitude of the antiferromagnetism in 1, but no good&#xd;
agreement is found for compound 2. The sensitivity to the basis set and the presence of interdimer&#xd;
magnetic interactions are debated.</subfield>
</datafield>
<datafield tag="024" ind2=" " ind1="8">
<subfield code="a">http://hdl.handle.net/10259/7538</subfield>
</datafield>
<datafield tag="024" ind2=" " ind1="8">
<subfield code="a">10.3390/inorganics11010031</subfield>
</datafield>
<datafield tag="024" ind2=" " ind1="8">
<subfield code="a">2304-6740</subfield>
</datafield>
<datafield ind1=" " ind2=" " tag="653">
<subfield code="a">Chloro</subfield>
</datafield>
<datafield ind1=" " ind2=" " tag="653">
<subfield code="a">Coordination chemistry</subfield>
</datafield>
<datafield ind1=" " ind2=" " tag="653">
<subfield code="a">Copper</subfield>
</datafield>
<datafield ind1=" " ind2=" " tag="653">
<subfield code="a">Density functional theory</subfield>
</datafield>
<datafield ind1=" " ind2=" " tag="653">
<subfield code="a">Iodo</subfield>
</datafield>
<datafield ind1=" " ind2=" " tag="653">
<subfield code="a">Structure</subfield>
</datafield>
<datafield ind1=" " ind2=" " tag="653">
<subfield code="a">Thiosemicarbazone</subfield>
</datafield>
<datafield tag="245" ind1="0" ind2="0">
<subfield code="a">Thiosemicarbazonecopper/Halido Systems: Structure and DFT Analysis of the Magnetic Coupling</subfield>
</datafield>
</record></metadata></record></GetRecord></OAI-PMH>